Stable isotopes and plant carbon water relations (Record no. 40668)

MARC details
000 -LEADER
fixed length control field 00322nam a2200121Ia 4500
082 ## - DEWEY DECIMAL CLASSIFICATION NUMBER
Classification number 581.113:581.132
Item number EHL
100 ## - MAIN ENTRY--AUTHOR NAME
Personal name Ehleringer, James R
245 #0 - TITLE STATEMENT
Title Stable isotopes and plant carbon water relations
260 ## - PUBLICATION, DISTRIBUTION, ETC. (IMPRINT)
Place of publication USA
Name of publisher Academic
Year of publication 1993
650 ## - SUBJECT ADDED ENTRY--TOPICAL TERM
Topical Term RFLP
942 ## - ADDED ENTRY ELEMENTS (KOHA)
Koha item type Books
Holdings
Withdrawn status Lost status Damaged status Not for loan Home library Current library Date acquired Cost, normal purchase price Full call number Accession Number Koha item type
        RRII Library RRII Library 16/12/2021 99.00 581.113:581.132 EHL 20966 Books